| Tag |
First Indicator |
Second Indicator |
Subfields |
| LEADER |
00000nam a2200000 4500 |
| 001 |
in00004284530 |
| 005 |
20200813081800.0 |
| 006 |
m g d |
| 007 |
cr bn |||a|bb| |
| 008 |
940627s1642 enk o o00| | eng d |
| 035 |
|
|
|a (UnM)99868592
|
| 037 |
|
|
|a CL0051000009
|b ProQuest Information and Learning. 300 N. Zeeb Rd., Ann Arbor, MI 48106
|
| 040 |
|
|
|a Cu-RivES
|c Cu-RivES
|d CStRLIN
|e dcrb
|d WaOLN
|
| 110 |
1 |
|
|a England and Wales.
|b Sovereign (1625-1649 : Charles I)
|
| 245 |
1 |
0 |
|a Charles R. To our trustie and welbeloved, the Lord Major, aldermen, and sheriffs of our City of London.
|
| 246 |
3 |
|
|a To our trustie and welbeloved, the Lord Major, aldermen, and sheriffs of our City of London.
|
| 260 |
|
|
|a Imprinted at London :
|b by Robert Barker, printer to the Kings most Excellent Majestie: and by the assignes of John Bill,
|c 1642.
|
| 300 |
|
|
|a 1 online resource (1 sheet ([1] pages)
|
| 336 |
|
|
|a text
|b txt
|2 rdacontent
|
| 337 |
|
|
|a computer
|b c
|2 rdamedia
|
| 338 |
|
|
|a online resource
|b cr
|2 rdacarrier
|
| 500 |
|
|
|a "Given at our court at York the 14 day of June, in the 18 yeer of our reign. 1642".
|
| 500 |
|
|
|a Reproduction of the original in the British Library.
|
| 510 |
4 |
|
|a Wing (2nd edition)
|c C2832.
|
| 510 |
3 |
|
|a Steele I, 2175.
|
| 510 |
4 |
|
|a Thomason
|c 669.f.3[29].
|
| 533 |
|
|
|a Electronic reproduction.
|b Ann Arbor, Mich. :
|c UMI,
|d 1999-
|f (Early English books online)
|n Digital version of: (Thomason Tracts ; 245:669f3[29])
|7 s1999 miun s
|
| 651 |
|
0 |
|a Great Britain
|x History
|y Charles I, 1625-1649
|v Early works to 1800.
|
| 700 |
0 |
|
|a Charles
|b I,
|c King of England,
|d 1600-1649.
|
| 830 |
|
0 |
|a Early English books online.
|
| 856 |
4 |
0 |
|u http://proxy.library.tamu.edu/login?url=https://search.proquest.com/docview/2240938695
|z Connect to the full text of this electronic book
|t 0
|
| 999 |
f |
f |
|s 0543d7b8-a998-30f5-b3f2-1ada852eb691
|i 238db458-ef5c-3e9f-818c-e587790d706e
|t 0
|
| 952 |
f |
f |
|a Texas A&M University
|b College Station
|c Electronic Resources
|d Available Online
|t 0
|h No information provided
|
| 998 |
f |
f |
|t 0
|l Available Online
|